[Event "EU-ch Online U2300 Qual"]
[Site "Chess.com INT"]
[Date "2020.05.25"]
[Round "5"]
[White "Kelly, Ladislau Endre"]
[Black "Oleynik, Alexander"]
[Result "0-1"]
[WhiteElo "2180"]
[BlackElo "2249"]
[PlyCount "138"]
[EventDate "2020.05.25"]
[EventType "swiss"]
[EventRounds "8"]
[EventCountry "NET"]
[SourceTitle "EXT 2021"]
[Source "ChessBase"]
[SourceDate "2020.10.23"]
[SourceVersion "1"]
[SourceVersionDate "2020.10.23"]
[SourceQuality "1"]

1. e4 c5 2. Nc3 a6 3. f4 b5 4. Nf3 b4 5. Ne2 Bb7 6. d3 e6 7. g3 Nf6 8. Bg2 d5 9. e5 Nfd7 10. 0-0 Nc6 11. a3 a5 12. axb4 axb4 13. Rxa8 Qxa8 14. c3 Be7 15. d4 0-0 16. Qe1 bxc3 17. bxc3 cxd4 18. cxd4 Ba6 19. Rf2 Nb4 20. Qd2 Rc8 21. Ba3 Qb7 22. Ne1 Qb5 23. Bf1 Qa4 24. Rf3 Nc6 25. Bxe7 Nxe7 26. g4 Nb6 27. f5 Qa1 28. fxe6 fxe6 29. Nf4 Bxf1 30. Rxf1 Nc4 31. Qf2 Rf8 32. Nf3 Qa6 33. Ng5 Ng6 34. Ngxe6 Rf7 35. Nxg6 Qxe6 36. Qxf7+ Qxf7 37. Rxf7 Kxf7 38. Nf4 Ne3 39. h3 g5 40. Ne2 Ke6 41. Kf2 Nd1+ 42. Kf3 h6 43. Ng3 Nc3 44. Nf5 Nb5 45. Ke3 h5 46. Ng7+ Kf7 47. Nxh5 Kg6 48. Ng3 Nc7 49. Nf5 Kf7 50. h4 gxh4 51. Nxh4 Kg7 52. Nf3 Kg6 53. Kf4 Ne6+ 54. Ke3 Kh6 55. Ne1 Kg5 56. Nd3 Kxg4 57. Nb4 Nc7 58. Kd3 Kf5 59. Nc6 Ke6 60. Kc3 Kd7 61. Nb4 Ke6 62. Kd3 Kd7 63. Na6 Nxa6 64. Kc3 Kc6 65. Kd3 Nc7 66. Ke3 Ne6 67. Kd3 Kb5 68. Kc3 Ka4 69. Kc2 Kb4 0-1

[Event "EU-ch Online U2300 Qual"]
[Site "Chess.com INT"]
[Date "2020.05.25"]
[Round "7"]
[White "Oleynik, Alexander"]
[Black "Ivic, Velimir"]
[Result "0-1"]
[WhiteElo "2249"]
[BlackElo "2548"]
[PlyCount "138"]
[EventDate "2020.05.25"]
[EventType "swiss"]
[EventRounds "8"]
[EventCountry "NET"]
[SourceTitle "EXT 2021"]
[Source "ChessBase"]
[SourceDate "2020.10.23"]
[SourceVersion "1"]
[SourceVersionDate "2020.10.23"]
[SourceQuality "1"]

1. e4 c5 2. Nc3 Nc6 3. g3 g6 4. Bg2 Bg7 5. h4 h5 6. d3 e6 7. Nge2 Nge7 8. Be3 Nd4 9. Qd2 d6 10. 0-0 Rb8 11. a4 a6 12. f4 b5 13. axb5 axb5 14. Ra7 Nec6 15. Raa1 0-0 16. Nd1 d5 17. exd5 exd5 18. Nf2 Re8 19. Nc3 Nxc2 20. Qxc2 Rxe3 21. Nxd5 Rxg3 22. Qxc5 Nd4 23. Ne7+ Kh7 24. Ne4 Ne6 25. Qd6 Bb7 26. Qxd8 Rxd8 27. Nxg3 Rxd3 28. Bxb7 Rxg3+ 29. Bg2 Bxb2 30. Rab1 Bd4+ 31. Kh2 Rg4 32. Bh3 Rxh4 33. Kg3 g5 34. Nf5 Rxf4 35. Nxd4 Nxd4 36. Rxf4 Ne2+ 37. Kf2 Nxf4 38. Bf5+ Kg7 39. Rxb5 Kf6 40. Be4 Ne6 41. Rb6 Ke5 42. Bb1 Nd4 43. Rh6 h4 44. Rh8 f5 45. Re8+ Kf4 46. Rd8 Ke5 47. Ba2 g4 48. Rd5+ Ke4 49. Rd8 h3 50. Bb1+ Ke5 51. Re8+ Kf4 52. Rd8 g3+ 53. Kf1 Nf3 54. Rg8 Nd2+ 55. Ke2 Nxb1 56. Rh8 Nc3+ 57. Kf1 g2+ 58. Kf2 Ne2 59. Rg8 g1Q+ 60. Rxg1 Nxg1 61. Kxg1 Kg3 62. Kh1 f4 63. Kg1 Kg4 64. Kf2 f3 65. Kg1 Kf4 66. Kf2 Ke4 67. Kg1 Ke3 68. Kh1 f2 69. Kh2 f1Q 0-1